000 00648nam a22002297a 4500
005 20150206152011.0
008 150206b xxu||||| |||| 00| 0 eng d
020 _a9781452242187
_c5874.06
040 _aLoreto College
041 _aEnglish
082 _a371.4
_bSCO
100 _aScott,David A.
245 _aCounselor as consultant
_cDavid A.Scott,Chadwick W.Royal and Daniel B.Kissinger
260 _aCalifornia
_bSage Publications
_c2015
300 _axiv,286p
_b22cm
504 _aIncludes index
650 _aCounseling
700 _4Auth
_aRoyal,Chadwick W.
700 _4Auth
_aKissinger,Daniel B.
850 _aLCLIB
942 _cBK
999 _c39803
_d90282